Normal view
MARC view
- Compton, D. G.
Entry Personal Name
001 - CONTROL NUMBER
- control field: 153585
003 - CONTROL NUMBER IDENTIFIER
- control field: DLC
005 - DATE AND TIME OF LATEST TRANSACTION
- control field: 20260413112922.0
008 - FIXED-LENGTH DATA ELEMENTS
- fixed length control field: 790813n| azannaabn |a aaa
010 ## - LIBRARY OF CONGRESS CONTROL NUMBER
- LC control number: n 79067864
- Canceled/invalid LC control number: n 80032152
035 ## - SYSTEM CONTROL NUMBER
- System control number: (OCoLC)oca00300723
040 ## - CATALOGING SOURCE
- Original cataloging agency: DLC
- Language of cataloging: eng
- Description conventions: rda
- Transcribing agency: DLC
- Modifying agency: DLC
- Modifying agency: OCoLC
- Modifying agency: DLC
- Modifying agency: Uk
- Modifying agency: TxCM
- Modifying agency: OCoLC
046 ## - SPECIAL CODED DATES
- Birth date: 1930-08-19
- Source of date scheme: edtf
053 #0 - LC CLASSIFICATION NUMBER
- Classification number element--single number or beginning number of span: PR6053.O45
100 1# - HEADING--PERSONAL NAME
- Personal name: Compton, D. G.
- Fuller form of name: (David Guy),
- Dates associated with a name: 1930-
370 ## - ASSOCIATED PLACE
- Place of birth: London (England)
- Source of term: naf
372 ## - FIELD OF ACTIVITY
- Field of activity: Science fiction
- Source of term: lcsh
374 ## - OCCUPATION
- Occupation: Authors
- Source of term: lcsh
377 ## - ASSOCIATED LANGUAGE
- Language code: eng
378 ## - FULLER FORM OF PERSONAL NAME
- Fuller form of personal name: David Guy
400 1# - SEE FROM TRACING--PERSONAL NAME
- Personal name: Compton, Guy,
- Dates associated with a name: 1930-
400 1# - SEE FROM TRACING--PERSONAL NAME
- Personal name: Compton, David,
- Dates associated with a name: 1930-
500 1# - SEE ALSO FROM TRACING--PERSONAL NAME
- Personal name: Lynch, Frances,
- Dates associated with a name: 1930-
670 ## - SOURCE DATA FOUND
- Source citation: His The quality of mercy, 1965.
670 ## - SOURCE DATA FOUND
- Source citation: Stammering, 1993:
- Information found: t.p. (David Compton) fly leaf (b. in London 1930) t.p. verso (D.G. Compton)
670 ## - SOURCE DATA FOUND
- Source citation: Literature Resource Centre www site, 19 July 2007:
- Information found: (D.G. Compton is the real name of Frances Lynch. Born August 19, 1930, in London, England)
670 ## - SOURCE DATA FOUND
- Source citation: Mers, 1998:
- Information found: (D.G. Compton)
670 ## - SOURCE DATA FOUND
- Source citation: Wikipedia, viewed May 31, 2018
- Information found: (David Guy Compton; born August 19, 1930 in London; is a British author who writes science fiction under the name D. G. Compton. He used the name Guy Compton for his earlier crime novels and the pseudonym Frances Lynch for his Gothic novels. He has also written short stories, radio plays, and a non-fiction book on stammering, its causes and cures. Compton was named the 2007 Author Emeritus by the Science Fiction and Fantasy Writers of America)
670 ## - SOURCE DATA FOUND
- Source citation: OCLC, viewed May 31, 2018
- Information found: (AAP: Compton, D. G. (David Guy), 1930- ; Compton, D. G. ; usage: D.G. Compton ; David Compton ; Guy Compton)



